Biblioteca y Centro de Documentación

Social status in networks (Registro nro. 49538)

Detalles MARC
000 -CABECERA
Longitud fija campo de control 01167naa a2200325 c 4500
001 - NÚMERO DE CONTROL
Número de control 49538
003 - IDENTIFICADOR DE NÚMERO DE CONTROL
Identificador del número de control ES-MaCES
005 - FECHA Y HORA DE LA ÚLTIMA TRANSACCIÓN
Fecha y hora de la última transacción 20170609125154.0
008 - CAMPO FIJO DE DESCRIPCIÓN FIJA--INFORMACIÓN GENERAL
Códigos de información de longitud fija   170609s2017 us ||||| t||||||| ||eng d
040 ## - FUENTE DE CATALOGACIÓN
Centro catalogador de origen ES-MaCES
Lengua de catalogación spa
Centro transcriptor ES-MaCES
Centro modificado ES-MaCES
245 00 - MENCIÓN DE TÍTULO
Título Social status in networks
Mención de responsabilidad, etc. Nicole Immorlica, Rachel Kranton, Mihai Manea, Greg Stoddard
500 ## - NOTA GENERAL
Nota general Resumen
504 ## - NOTA DE BIBLIOGRAFÍA, ETC.
Nota de bibliografía, etc. Bibliografía: p. 29-30
650 #4 - ASIENTO SECUNDARIO DE MATERIA--TÉRMINO DE MATERIA
9 (RLIN) 30592
Término de materia o nombre geográfico como elemento inicial red social
650 #4 - ASIENTO SECUNDARIO DE MATERIA--TÉRMINO DE MATERIA
9 (RLIN) 27306
Término de materia o nombre geográfico como elemento inicial relaciones entre los grupos
650 #4 - ASIENTO SECUNDARIO DE MATERIA--TÉRMINO DE MATERIA
9 (RLIN) 28202
Término de materia o nombre geográfico como elemento inicial análisis de redes
650 #4 - ASIENTO SECUNDARIO DE MATERIA--TÉRMINO DE MATERIA
9 (RLIN) 27296
Término de materia o nombre geográfico como elemento inicial clase social
650 #4 - ASIENTO SECUNDARIO DE MATERIA--TÉRMINO DE MATERIA
9 (RLIN) 27068
Término de materia o nombre geográfico como elemento inicial microeconomía
650 #4 - ASIENTO SECUNDARIO DE MATERIA--TÉRMINO DE MATERIA
9 (RLIN) 27259
Término de materia o nombre geográfico como elemento inicial indicador social
650 #4 - ASIENTO SECUNDARIO DE MATERIA--TÉRMINO DE MATERIA
9 (RLIN) 29077
Término de materia o nombre geográfico como elemento inicial aspecto sociológico
650 #4 - ASIENTO SECUNDARIO DE MATERIA--TÉRMINO DE MATERIA
9 (RLIN) 29432
Término de materia o nombre geográfico como elemento inicial modelo matemático
653 10 - TÉRMINO DE INDEXACIÓN--NO CONTROLADO
Término no controlado Economía
700 1# - ENCABEZAMIENTO SECUNDARIO--NOMBRE PERSONAL
9 (RLIN) 38266
Nombre de persona Immorlica, Nicole
700 1# - ENCABEZAMIENTO SECUNDARIO--NOMBRE PERSONAL
9 (RLIN) 38267
Nombre de persona Kranton, Rachel
700 1# - ENCABEZAMIENTO SECUNDARIO--NOMBRE PERSONAL
9 (RLIN) 38268
Nombre de persona Manea, Mihai
700 1# - ENCABEZAMIENTO SECUNDARIO--NOMBRE PERSONAL
9 (RLIN) 38269
Nombre de persona Stoddard, Greg
773 0# - ENTRADA DE DOCUMENTO FUENTE
Itemnumber del ítem fuente 85910
Lugar, editor y fecha de publicación Nashville American Economic Association 2009-
Otro identificador del documento 088808
Título American economic journal
Número de control del registro relacionado (ES-MaCES)26056
Parte(s) relacionada(s) vol. 9, no. 1 (Feb. 2017) {55/1106 R. 088808} ;p. 1-30
902 ## - CES. TIPO DE DOCUMENTO
Tipodoc (006$c Sirtex) ART Artículo de revista
942 ## - ELEMENTOS KOHA
Fuente de clasificaión o esquema Clasificación propia del CES
Koha [por defecto] tipo de item Artículos (1982-2017)
Parte de clasificación Economía

No hay ítems disponibles.

© CES, Consejo Económico y Social de España 2021